Normal view
MARC view
Entry Topical Term
001 - CONTROL NUMBER
- control field: 42002
003 - CONTROL NUMBER IDENTIFIER
- control field: ARRUPE
005 - DATE AND TIME OF LATEST TRANSACTION
- control field: 20180905105837.0
008 - FIXED-LENGTH DATA ELEMENTS
- fixed length control field: 180905|| aca||aabn | a|a d
040 ## - CATALOGING SOURCE
- Original cataloging agency: ARRUPE
- Transcribing agency: ARRUPE
150 ## - HEADING--TOPICAL TERM
- Topical term or geographic name as entry element: Reports
- General subdivision: Preparation.
670 ## - SOURCE DATA FOUND
- Source citation: Work cat.: (ARRUPE)0: Schmitz, Robert Morell, 1900- 42001, Preparing the research paper,, 1958